00723nam a22001577a 450000500170000000800410001705000080005824500820006626000450014830000180019350000240021150501900023594200120042599900170043795201110045420240726103541.0240726b ||||| |||| 00| 0 eng d aREF aLearning process: The commonwealth diploma in youth developmentccommonwealth aLondonbCommonwealth secretariate c2007 a304 p,:c29cm aIncludes references aContents: What is learning? -- How do adults learn? -- Education for all -- Informal education -- What helps and what hinders learning? -- Learning styles -- Facilitating adult learning 2lcccBK c10360d17860 00102lcc4070aWIUC-1bWIUC-1cREFd2024-07-26l0oREFp9761/462/24r2024-07-26 00:00:00w2024-07-26yBK